Visioni della Grande guerra Volume I : (notice nᵒ 7599)
[ vue normale ]
| 000 -LEADER | |
|---|---|
| fixed length control field | 01647 a2200301 4500 |
| 001 - CONTROL NUMBER | |
| control field | OB-edizionikaplan-1714 |
| 003 - CONTROL NUMBER IDENTIFIER | |
| control field | FrMaCLE |
| 005 - DATE AND TIME OF LATEST TRANSACTION | |
| control field | 20251214082659.0 |
| 007 - PHYSICAL DESCRIPTION FIXED FIELD--GENERAL INFORMATION | |
| fixed length control field | cu ||||||m|||| |
| 008 - FIXED-LENGTH DATA ELEMENTS--GENERAL INFORMATION | |
| fixed length control field | 201108e||||||||xx |||||s|||||||||0|it|d |
| 020 ## - INTERNATIONAL STANDARD BOOK NUMBER | |
| International Standard Book Number | 978-88-99559-48-9 |
| 024 7# - OTHER STANDARD IDENTIFIER | |
| Standard number or code | 10.4000/books.edizionikaplan.1714 |
| Source of number or code | doi |
| 040 ## - CATALOGING SOURCE | |
| Original cataloging agency | FR-FrMaCLE |
| 041 ## - LANGUAGE CODE | |
| Language code of text/sound track or separate title | ita |
| 100 1# - MAIN ENTRY--PERSONAL NAME | |
| Personal name | Faccioli, Alessandro |
| 245 10 - TITLE STATEMENT | |
| Title | Visioni della Grande guerra Volume I : |
| Remainder of title | Immagini sopravvissute, ritrovate, riutilizzate / |
| Statement of responsibility, etc. | Alessandro Faccioli. |
| 260 ## - PUBLICATION, DISTRIBUTION, ETC. | |
| Place of publication, distribution, etc. | Torino : |
| Name of publisher, distributor, etc. | Edizioni Kaplan, |
| Date of publication, distribution, etc. | 2020. |
| 300 ## - PHYSICAL DESCRIPTION | |
| Extent | 262 p. |
| 500 ## - GENERAL NOTE | |
| General note | Ebook |
| 520 ## - SUMMARY, ETC. | |
| Summary, etc. | Buona parte dei filmati italiani girati durante la Grande guerra è andata perduta. L’impatto che abbiamo con le immagini superstiti, spesso sbriciolate in nuovi contenitori filmici che poco hanno a che vedere con gli “originali”, è lo stesso di quando ci troviamo di fronte a un edificio o a un monumento tardo-medioevale costruito con pietre dell’antichità: spostate, riutilizzate, ricombinate. Ne intuiamo la provenienza ma stentiamo a immaginarci la forma dell’antica costruzione da cui provengono. Alla storia di queste immagini e dei percorsi di riconfigurazione testuale che ne hanno accompagnato la sopravvivenza, è dedicato il primo volume di quest’opera. |
| 540 ## - TERMS GOVERNING USE AND REPRODUCTION NOTE | |
| Terms governing use and reproduction | OpenEdition Books License |
| Uniform Resource Identifier | <a href="https://www.openedition.org/12554">https://www.openedition.org/12554</a> |
| 650 #4 - SUBJECT ADDED ENTRY--TOPICAL TERM | |
| Topical term or geographic name entry element | Art |
| Topical term or geographic name entry element | History |
| Topical term or geographic name entry element | Grande guerra |
| Topical term or geographic name entry element | fotografia |
| 776 ## - ADDITIONAL PHYSICAL FORM ENTRY | |
| International Standard Book Number | 978-88-99559-40-3 |
| 856 4# - ELECTRONIC LOCATION AND ACCESS | |
| Data provenance | Faccioli, Alessandro |
| Uniform Resource Identifier | <a href="https://books.openedition.org/edizionikaplan/1714">https://books.openedition.org/edizionikaplan/1714</a> |
| Link text | Visioni della Grande guerra Volume I |
Pas d'exemplaire disponible.
